000 00408nam a2200169 a 4500
001 0000-9199
003 ELIB.Books
008 110520 1998
035 _a(ELIB.Books)0000-9351
082 _a266
_bZuc
100 _aZuck, Roy B.
245 _aVital Missions Issues
260 _bSecunderabad: OM Books
_c1998
650 _aMission
942 _2ddc
_cBK
998 _cbat
_e2011-05-20
999 _c9199
_d9199